World Economic Outlook, April 2021 : Managing Divergent Recoveries.

The global economy is climbing out from the depths to which it had plummeted during the Great Lockdown in April. But with the COVID-19 pandemic continuing to spread, many countries have slowed reopening and some are reinstating partial lockdowns to protect susceptible populations. While recovery in...

Description complète

Détails bibliographiques
Collectivité auteur: International Monetary Fund. Research Dept
Format: Revue
Langue:English
Publié: Washington, D.C. : International Monetary Fund, 2021.
Collection:World Economic Outlook; World Economic Outlook ; No. 2021/001
Sujets:
Accès en ligne:Full text available on IMF
LEADER 01768cas a2200289 a 4500
001 AALejournalIMF021797
008 230101c9999 xx r poo 0 0eng d
020 |c 50.00 USD 
020 |z 9781513577326 
022 |a 1020-1343 
040 |a BD-DhAAL  |c BD-DhAAL 
110 2 |a International Monetary Fund.  |b Research Dept. 
240 1 0 |a World Economic Outlook, April 2021: Managing Divergent Recoveries.  |l French 
245 1 0 |a World Economic Outlook, April 2021 :   |b Managing Divergent Recoveries. 
264 1 |a Washington, D.C. :  |b International Monetary Fund,  |c 2021. 
300 |a 1 online resource (191 pages) 
490 1 |a World Economic Outlook 
500 |a <strong>Off-Campus Access:</strong> No User ID or Password Required 
500 |a <strong>On-Campus Access:</strong> No User ID or Password Required 
506 |a Electronic access restricted to authorized BRAC University faculty, staff and students 
520 3 |a The global economy is climbing out from the depths to which it had plummeted during the Great Lockdown in April. But with the COVID-19 pandemic continuing to spread, many countries have slowed reopening and some are reinstating partial lockdowns to protect susceptible populations. While recovery in China has been faster than expected, the global economy's long ascent back to pre-pandemic levels of activity remains prone to setbacks. 
538 |a Mode of access: Internet 
650 7 |a Foreign Exchange  |2 imf 
650 7 |a International Agreements and Observance  |2 imf 
650 7 |a International Organizations  |2 imf 
830 0 |a World Economic Outlook; World Economic Outlook ;  |v No. 2021/001 
856 4 0 |z Full text available on IMF  |u http://elibrary.imf.org/view/books/081/29821-9781513577326-fr/29821-9781513577326-fr-book.xml  |z IMF e-Library